Lyrics raten #3 - Statistiken

Allgemein
  • Dieses Quiz wurde 1.341 mal gespielt
  • Das Durchschnittsergebnis liegt bei 200 aus 474
Antwortstatistiken
Antwort % Korrekt
ich
96%
Ich
96%
Du
92%
du
92%
da
81%
Wir
79%
wir
79%
Bist
76%
bist
76%
sie
74%
das
70%
die
70%
es
70%
Es
70%
Und
63%
und
63%
bin
59%
Bin
59%
den
59%
so
59%
So
59%
nicht
57%
Wie
55%
war
54%
kann
52%
mir
52%
will
52%
zu
52%
eine
51%
sind
51%
hab
50%
dich
48%
Dich
48%
dir
47%
in
47%
ist
46%
im
45%
dass
44%
mich
44%
was
44%
an
43%
geh
43%
nie
39%
mit
38%
weiss
38%
kannst
37%
schön
37%
tu
36%
wenn
36%
aber
35%
kein
35%
sag
35%
schon
35%
noch
34%
dann
33%
doch
33%
Doch
33%
viel
33%
auf
32%
ja
31%
Mach
31%
bei
30%
nur
29%
meine
28%
hier
27%
liebst
27%
weh
27%
am
26%
auch
26%
einen
26%
nach
26%
oh
26%
tut
26%
vor
26%
gut
25%
love
25%
muss
25%
weg
25%
mehr
24%
gehen
23%
her
23%
Leid
23%
leid
23%
keine
22%
komm
22%
sagst
22%
Tag
22%
unter
22%
jetzt
21%
geht
20%
Wein
20%
baby
19%
Baby
19%
heute
19%
mal
19%
brauche
17%
Sehnsucht
17%
wehtut
17%
wieder
17%
wollt
17%
verloren
16%
Wasser
15%
Zeit
15%
geb
14%
Jesus
14%
finde
13%
nichts
13%
wehtun
13%
ah
12%
Einfach
12%
lassen
12%
machst
12%
Unsere
12%
beste
11%
Hause
11%
kommst
11%
schmerzt
11%
tausend
11%
verlieren
11%
vermiss
11%
Bett
10%
Fühle
10%
klar
10%
lange
10%
lieg
10%
schwer
10%
spür
10%
dumm
9%
nun
9%
vertrauen
9%
leer
8%
bleibst
7%
Drugs
7%
Egal
7%
Sorgen
7%
wegen
7%
einzige
6%
Frauen
6%
kalt
6%
Leere
6%
Pause
6%
trotzdem
6%
weinst
6%
Arsch
5%
beide
5%
Gönn
5%
on
5%
take
5%
Ice
3%
Panik
3%
top
3%
treib
3%
verkehrt
3%
Wahnsinn
3%
direkt
2%
kickt
2%
(Miksu)
2%
(Macloud)
1%
Thilo
1%
Keine übereinstimmenden Quizze gefunden
Verteilung der Resultate
Anzahl Personen mit jedem Resultat
Perzentil nach korrekt beantworteten Fragen
Ihre Resultats-Entwicklung
Sie haben dieses Quiz noch nicht gespielt